000 00351 a2200157 4500
001 178457
020 _a
040 _cMagnum
100 _aRosa, Joao Guimaraes
240 1 0 _aFita verde no cabelo
_lpor
245 1 0 _aFita verde no cabelo
362 0 _a1899
440 1 _aNova Fronteira
697 _aMAGNITO: IJ/AVENTURA, CRIANCAS
942 _cBK
999 _c178457
_d178457